| 000 | 00496nam a2200181Ia 4500 | ||
|---|---|---|---|
| 003 | IN-BaIIA | ||
| 008 | 211028s9999 xx 000 0 eng d | ||
| 020 | _a0-86318-443-X | ||
| 040 | _cIIA Library | ||
| 080 |
_a636.7 _bTAY |
||
| 100 |
_aTaylor, D _920518 |
||
| 245 | 4 |
_aThe ultimate dog book _cD. Taylor |
|
| 260 |
_aLondon _bDorling Kindersley _c1990 |
||
| 300 | _a240p. | ||
| 650 |
_aDog breeds _99942 |
||
| 650 |
_aDogs _99943 |
||
| 942 | _cBK | ||
| 999 |
_c11818 _d11818 |
||